00399nam a2200157Ia 4500008004100000020001800041041000800059082001600067100002400083245002800107250000600135260005800141300000800199365001300207700002100220140306s9999 xx 000 0 und d a9780070587229 aeng a330bSAL/PR aDominick, Salvatore aPrinciples of Economics a2 aNew YorkbTata Mc Graw Hill Publishing Co; Ltd.c1995 a400 bRs.325/- aEugene, A.Diulio